Bleach - All bankai names - Statistics

General Stats
  • This quiz has been taken 601 times
  • The average score is 8 of 21
Answer Stats
Name of User Name of Zanpakuto Bankai % Correct
Ichigo Kurosaki Zangetsu Tensa Zangetsu
81%
Byakuya Kuchiki Senbonzakura Senbonzakura Kageyoshi
76%
Retsu Unohana Minazuki Minazuki
71%
Tōshirō Hitsugaya Hyōrinmaru Daiguren Hyōrinmaru
69%
Rukia Kuchiki Sode no Shirayuki Hakka no Togame
67%
Shunsui Kyōraku Katen Kyokotsu Katen Kyōkotsu: Karamatsu Shinjū
62%
Genryusai Shigekuni Yamamoto Ryūjin Jakka Zanka no Tachi
56%
Gin Ichimaru Shinsō Kamishini no Yari
43%
Soi Fon Suzumebachi Jakuhō Raikōben
42%
Kisuke Urahara Benihime Kannonbiraki Benihime Aratame
41%
Renji Abarai Zabimaru Sōō Zabimaru
41%
Mayuri Kurotsuchi Ashisogi Jizō Konjiki Ashisogi Jizō
36%
Sajin Komamura Tenken Kokujō Tengen Myō'ō
26%
Kensei Muguruma Tachikaze Tekken Tachikaze
26%
Ikkaku Madarame Hōzukimaru Ryūmon Hōzukimaru
25%
Rōjūrō Otoribashi Kinshara Kinshara Butōdan
23%
Ichibē Hyōsube Ichimonji Shirafude Ichimonji
18%
Senjumaru Shutara Shigarami Shatatsu Karagara Shigarami no Tsuji
15%
Chōjirō Sasakibe Gonryōmaru Kōkō Gonryō Rikyū
9%
Kaname Tōsen Suzumushi Suzumushi Tsuishiki: Enma Kōrogi
8%
Fujimaru Kudō Ryūjōmaru Kokyū Ryūjōmaru
4%
No matching quizzes found
Score Distribution
Percent of People with Each Score
Percentile by Number Answered
Your Score History
You have not taken this quiz